000 02629nam a2200529Mc 4500
003 PE-LiUPU
005 20250731172852.0
008 160329s2015 mau 000 0 eng d
020 _a1619707055
020 _a9781619707054
035 _a(Sirsi) i9781619707054
040 _aPE-LiUPU
_bspa
_cPE-LiUPU
_erda
049 _aPRUA
082 0 4 _a225.93
_bE96
_223
100 1 _aEvans, Craig A.,
_eautor.
245 0 0 _aJesus and the remains of his day :
_bstudies in Jesus and the evidence of material culture /
_cCraig A. Evans.
264 1 _aPeabody, MA :
_bHendrickson,
_c2015
300 _aviii-302 páginas :
_bilustraciones. ;
_c24 centímetros.
336 _atext
_2rdacontent
337 _aunmediated
_2rdamedia
338 _avolume
_2rdacarrier
504 _aBibliografía : páginas 237-270.
504 _aÍndices : páginas 271-283
505 0 _aA tale of two cities: what we have learned from Bethsaida and Magdala -- A boat, a house, and an ossuary: what can we learn from the artifacts? -- Excavating Caiaphas, Pilate, and Simon of Cyrene: assessing the literary and archaeological evidence -- Have you never read?: Jesus and literacy -- Shout at the devil: Jesus and Psalm 91 in the light of early Jewish interpretation -- Hang him on a tree until dead: hanging and crucifixion in second temple Israel -- The family buried together stays together: on the burial of the executed in family tombs -- Death becomes him: on the execution and burial of Jesus -- Keeping up appearances: the Talpiot tomb façade in context -- The talking dead: postmortem beliefs in pagan, Jewish, and Christian epitaph
526 _aSEG42
526 _aSEG41
526 _aSEG40
526 _aSEG39
526 _aP94
526 _aP87
526 _aP86
526 _aP85
526 _aP77
526 _aP76
526 _aP35
600 0 4 _aJesucristo
600 0 4 _aJesus
910 _ajck
_bbpc
_cbpc
_d20160613
942 _2ddc
_cBOOK
949 _a225.9 3 E96
_wDEWEY
_c1
_i73429
_lCCODEBUL1
_mBUL
_r0
_sY
_tBOOK
_u2016-6-13
_xTEOLOGIA
_PP35
_0COMPRA
_o.STAFF. Colección General
994 _aC0
_bPEPRU
596 _a1
999 _a225.93 E96
_wDEWEY
_c9877
_i73429
_d9877
_f2021-11-9
_g5
_lCCODEBUL1
_mBUL
_q1
_r0
_sY
_tBOOK
_u2016-6-13
_xTEOLOGIA
_PP35
_0COMPRA
_o.STAFF. Colección General
999 _a225.93 E96
_wDEWEY
_c2
_i77228
_f2021-11-9
_g4
_lCCODEBUL1
_mBUL
_p22.47
_r0
_sY
_tBOOK
_u2017-12-11
_xTEOLOGIA
_PP85
_0COMPRA
_o.STAFF. Colección Teología
980 _81
_gALBERTO SANCHEZ Responsable de Automatización